A szegedi parlament
Elmentve itt :
| Szerző: | |
|---|---|
| Dokumentumtípus: | Cikk |
| Megjelent: |
1932-12-25
|
| Sorozat: | Délmagyarország
8 No. 294 |
| Kulcsszavak: | Politikai élet Szeged 1932 |
| Online Access: | http://dmarchiv.bibl.u-szeged.hu/47804 |
| LEADER | 00451nab a2200157 i 4500 | ||
|---|---|---|---|
| 001 | delm47804 | ||
| 005 | 20180927134915.0 | ||
| 008 | 180927s1932 hu o 0|| hun d | ||
| 040 | |a SZTE Délmagyarország Archívum |b hun | ||
| 041 | |a hun | ||
| 100 | 1 | |a Dettre János | |
| 245 | 1 | 2 | |a A szegedi parlament |h [elektronikus dokumentum] / |c Dettre János |
| 260 | |c 1932-12-25 | ||
| 300 | |a 5-6 | ||
| 490 | 0 | |a Délmagyarország |v 8 No. 294 | |
| 695 | |a Politikai élet Szeged 1932 | ||